00458nam a2200145 4500003000900000005001700009008004100026020002700067040001300094082001600107100002400123245009300147260004300240300002900283SEACOMEC20240511130631.0240511b |||||||| |||| 00| 0 eng d a978-8173810893c245.00 aSEACOMEC a516.15bK45 a Khan, Ratan Mohan aAnalytical Geometry of Two and Three Dimensions and Vector Analysis c Ratan Mohan Khan  aKolkatabNew Central Book Agencyc2005 a538 p.c16 x 2.8 x 24 cm